00449nam a2200145Ia 450000500170000000800460001703700120006304000200007504100130009508400220010810000290013024500660015926000690022530000090029420250508151911.0008 250505s9999 xx 000 0 eng d aTextual aFEDLbengcFEDL aeng2eng a954.01, BHAqFEDL aBhargava Purushottam Lal 0aIndia in the vedic age: A history of Aryan expansion in India aLucknow, IndiabThe Upper India Publishing House Pvt. Ltd.c1956 a202p